[Event "Thanksgiving op"]
[Site "Toronto CAN"]
[Date "2011.10.08"]
[Round "3"]
[White "Calugar, Arthur"]
[Black "Noritsyn, Nikolay"]
[Result "0-1"]
[WhiteElo "2376"]
[BlackElo "2634"]
[PlyCount "126"]
[EventDate "2011.10.08"]
[EventType "swiss"]
[EventRounds "6"]
[EventCountry "CAN"]

1. Nf3 c5 2. e4 e6 3. d4 cxd4 4. Nxd4 a6 5. Bd3 Nf6 6. O-O e5 7. Nb3 d6 8. a4
Be7 9. Qe2 O-O 10. Nc3 Be6 11. Bc4 Qc7 12. Bxe6 fxe6 13. f4 Nc6 14. Be3 exf4
15. Bxf4 Ne5 16. Bxe5 dxe5 17. Rad1 Rac8 18. Rf3 Bb4 19. Na2 Qc4 20. Qxc4 Rxc4
21. Nxb4 Rxb4 22. Nc5 Rxb2 23. Nxe6 Re8 24. Nc7 Rc8 25. Nd5 Rcxc2 26. Nxf6+
gxf6 27. Rg3+ Kf7 28. h4 Rd2 29. Rc1 Rbc2 30. Rb1 Rd7 31. h5 Rc8 32. Rf1 b5 33.
h6 Ke6 34. Rb1 Rb8 35. axb5 axb5 36. Kh2 b4 37. Kh3 Rbb7 38. Rbb3 Rd4 39. Rbe3
Rc4 40. Kh2 b3 41. Rxb3 Rxb3 42. Rxb3 Rxe4 43. Kh3 Rd4 44. Rg3 f5 45. Rg8 Rd1
46. Kh2 Rd6 47. Rg7 Rd7 48. Rg8 Rf7 49. Re8+ Kd5 50. Rh8 Ke4 51. Kg3 Ke3 52.
Kh4 Kf2 53. Rg8 e4 54. Rg7 Rf8 55. g4 e3 56. Rxh7 Re8 57. Ra7 f4 58. g5 e2 59.
Ra1 f3 60. Kg4 Kg2 61. g6 f2 62. g7 e1=Q 63. Rxe1 fxe1=Q 0-1

[Event "Thanksgiving op"]
[Site "Toronto CAN"]
[Date "2011.10.09"]
[Round "4"]
[White "Noritsyn, Nikolay"]
[Black "Cheng, Bindi"]
[Result "1-0"]
[WhiteElo "2634"]
[BlackElo "2533"]
[PlyCount "127"]
[EventDate "2011.10.08"]
[EventType "swiss"]
[EventRounds "6"]
[EventCountry "CAN"]

1. b3 d5 2. Bb2 Bg4 3. f3 Bf5 4. e3 Nf6 5. Ne2 Nbd7 6. g4 Bg6 7. h4 h6 8. Nf4
e5 9. Nxg6 fxg6 10. Qe2 Bd6 11. Nc3 c6 12. O-O-O Qe7 13. Kb1 O-O-O 14. Qg2 Nc5
15. Ne2 Kb8 16. Ng3 e4 17. f4 Qc7 18. Be2 a5 19. g5 Ne8 20. gxh6 Rxh6 21. h5
Nf6 22. hxg6 Rxg6 23. Qh2 Ka8 24. Nf5 Bf8 25. Rdg1 Rxg1+ 26. Qxg1 a4 27. Rh8
Ne6 28. Qg6 Ka7 29. Nd4 Nxd4 30. Bxd4+ c5 31. Be5 Qd7 32. d3 exd3 33. Qxd3 Be7
34. Rxd8 Bxd8 35. c4 Ba5 36. cxd5 Qxd5 37. bxa4 Qxd3+ 38. Bxd3 Ng4 39. Bxg7
Nxe3 40. f5 Nxf5 41. Bxf5 Be1 42. Kc2 Kb6 43. Bc3 Bg3 44. Kb3 Kc6 45. Kc4 b6
46. Be4+ Kc7 47. Kb5 Bd6 48. Ka6 Bf4 49. Ka7 Bd6 50. Bd3 Bf4 51. Bc4 Kc6 52.
Bb5+ Kc7 53. a5 bxa5 54. Bxa5+ Kd6 55. Kb7 Kd5 56. a4 Be5 57. Bd2 c4 58. a5 c3
59. Bc1 Bd4 60. Bd3 Kc5 61. Ba3+ Kd5 62. a6 Ke5 63. Bb4 Kf4 64. Bxc3 1-0

[Event "Thanksgiving op"]
[Site "Toronto CAN"]
[Date "2011.10.09"]
[Round "5"]
[White "Sapozhnikov, Roman"]
[Black "Noritsyn, Nikolay"]
[Result "0-1"]
[WhiteElo "2449"]
[BlackElo "2634"]
[PlyCount "74"]
[EventDate "2011.10.08"]
[EventType "swiss"]
[EventRounds "6"]
[EventCountry "CAN"]

1. e4 c5 2. Nf3 e6 3. d4 cxd4 4. Nxd4 a6 5. Bd3 Ne7 6. O-O Nbc6 7. c3 g6 8. Be3
Bg7 9. Nd2 O-O 10. a4 Rb8 11. Qe2 Ne5 12. Bc2 f5 13. f3 Nf7 14. f4 fxe4 15.
Nxe4 Nd5 16. a5 b6 17. Rad1 bxa5 18. Bc1 Qb6 19. Kh1 Bb7 20. Nf3 Qc7 21. Nfg5
Nxg5 22. fxg5 Bc6 23. Bd3 Nf4 24. Bxf4 Rxf4 25. Rxf4 Qxf4 26. Rf1 Qe5 27. Qc2
a4 28. h4 Rf8 29. Rxf8+ Kxf8 30. Qf2+ Ke7 31. Qb6 a5 32. Qe3 Qd5 33. Kg1 a3 34.
bxa3 Bxc3 35. Kf1 Bd4 36. Qe2 Qb3 37. Nf6 Qxa3 0-1

[Event "Thanksgiving op"]
[Site "Toronto CAN"]
[Date "2011.10.10"]
[Round "6"]
[White "Noritsyn, Nikolay"]
[Black "Gusev, Nikita"]
[Result "1/2-1/2"]
[WhiteElo "2634"]
[BlackElo "2230"]
[PlyCount "77"]
[EventDate "2011.10.08"]
[EventType "swiss"]
[EventRounds "6"]
[EventCountry "CAN"]

1. c4 Nf6 2. Nc3 e6 3. e4 d5 4. e5 d4 5. exf6 dxc3 6. bxc3 Qxf6 7. Nf3 Nd7 8.
d4 h6 9. Bd3 c5 10. O-O Bd6 11. Bc2 b6 12. Re1 Bb7 13. Nd2 Qh4 14. g3 Qh3 15.
Be4 Bxe4 16. Nxe4 Be7 17. dxc5 Bxc5 18. Nxc5 Nxc5 19. Qd6 Rd8 20. Qc6+ Ke7 21.
Bf4 Rd7 22. Be5 Qg4 23. Bd4 Nb7 24. Re4 Qg6 25. c5 Na5 26. Qa4 b5 27. Qc2 Nc6
28. Rae1 Nxd4 29. cxd4 Rxd4 30. c6 Rxe4 31. Rxe4 Qf5 32. Qd3 Rd8 33. Qa3+ Ke8
34. Re1 Qd5 35. c7 Rc8 36. Rc1 Qb7 37. Qd6 Qb6 38. Rc6 Qa5 39. Rc1 1/2-1/2

[Event "Montreal op"]
[Site "Montreal CAN"]
[Date "2011.09.10"]
[Round "3.1"]
[White "Noritsyn, Nikolay"]
[Black "Leutschaft, Martin"]
[Result "1-0"]
[WhiteElo "2455"]
[BlackElo "2099"]
[PlyCount "77"]
[EventDate "2011.09.09"]
[EventType "swiss"]
[EventRounds "5"]
[EventCountry "CAN"]

1. c4 e6 2. Nc3 d5 3. d4 Be7 4. Nf3 Nf6 5. Bg5 O-O 6. e3 Ne4 7. Bxe7 Qxe7 8.
Qc2 Nxc3 9. bxc3 c5 10. Bd3 h6 11. O-O dxc4 12. Bxc4 Nd7 13. e4 Nb6 14. Bd3 Bd7
15. a4 Bc6 16. Rfe1 Qd6 17. a5 Nd7 18. Qd2 Rfd8 19. Bc2 Nf8 20. Qe3 cxd4 21.
cxd4 Ng6 22. a6 b6 23. Rad1 Rac8 24. d5 Bxd5 25. Bb1 Qc5 26. exd5 Qxe3 27. fxe3
Rxd5 28. Be4 Ra5 29. Rd7 f5 30. Bd3 Rc3 31. Bf1 e5 32. Rxa7 e4 33. Nd4 Rca3 34.
Ne6 Ne5 35. Rxg7+ Kh8 36. Rc1 Rc5 37. Rxc5 bxc5 38. Rc7 Nd3 39. a7 1-0

[Event "Montreal op"]
[Site "Montreal CAN"]
[Date "2011.09.11"]
[Round "4.1"]
[White "Jiang, Louie"]
[Black "Noritsyn, Nikolay"]
[Result "1-0"]
[WhiteElo "2327"]
[BlackElo "2455"]
[PlyCount "123"]
[EventDate "2011.09.09"]
[EventType "swiss"]
[EventRounds "5"]
[EventCountry "CAN"]

1. e4 c5 2. Nc3 Nc6 3. f4 e6 4. Nf3 a6 5. g3 d5 6. d3 Nf6 7. e5 d4 8. exf6 dxc3
9. fxg7 Bxg7 10. b3 Qd6 11. Bg2 Bd7 12. O-O f5 13. Be3 O-O 14. Qe2 Rad8 15.
Rfe1 Rfe8 16. Kh1 b6 17. Rad1 Bc8 18. Bg1 Qc7 19. Qf2 e5 20. fxe5 Nxe5 21. Nxe5
Bxe5 22. Qf3 Bf6 23. Be3 Qd7 24. Re2 Re7 25. Rde1 Rde8 26. Bf4 Kg7 27. h3 Bd4
28. Qh5 Rxe2 29. Rxe2 Rxe2 30. Qxe2 Qe6 31. Qxe6 Bxe6 32. Bc7 b5 33. Bb7 f4 34.
g4 h5 35. Bf3 hxg4 36. hxg4 Kf6 37. Bxf4 a5 38. Kg2 a4 39. bxa4 b4 40. a5 Bxa2
41. Kf1 Bb1 42. Bd1 b3 43. cxb3 Bxd3+ 44. Be2 Be4 45. a6 c2 46. Bc1 Ke5 47. g5
Kd6 48. Bc4 Kc6 49. Ke2 Kb6 50. Bd3 Bd5 51. Bxc2 Kxa6 52. Be3 Bxe3 53. Kxe3 Ka5
54. g6 Kb4 55. g7 Kc3 56. Bd1 Bg8 57. Ke4 Kd2 58. Bg4 Bxb3 59. Ke5 Bg8 60. Be6
Bh7 61. Kf6 Kc3 62. Kg5 1-0

[Event "Montreal op"]
[Site "Montreal CAN"]
[Date "2011.09.11"]
[Round "5.4"]
[White "Noritsyn, Nikolay"]
[Black "Trottier, Emile"]
[Result "1-0"]
[WhiteElo "2455"]
[BlackElo "2090"]
[PlyCount "55"]
[EventDate "2011.09.09"]
[EventType "swiss"]
[EventRounds "5"]
[EventCountry "CAN"]

1. b3 e6 2. Bb2 f5 3. e4 Nf6 4. e5 Nd5 5. Nf3 g6 6. c4 Ne7 7. h4 h6 8. d4 Bg7
9. g3 O-O 10. Bg2 d5 11. exd6 cxd6 12. O-O Nbc6 13. Qe2 Qc7 14. Nc3 a6 15. Rad1
Bd7 16. d5 exd5 17. Nxd5 Nxd5 18. Bxg7 Kxg7 19. Rxd5 Rad8 20. Qb2+ Kh7 21. Rfd1
Qc8 22. Rxd6 f4 23. h5 fxg3 24. Ng5+ hxg5 25. hxg6+ Kg8 26. Bd5+ Be6 27. Rxe6
gxf2+ 28. Kf1 1-0

[Event "Labour Day op"]
[Site "Toronto CAN"]
[Date "2011.09.03"]
[Round "1"]
[White "Noritsyn, Nikolay"]
[Black "Twesigye, Derick"]
[Result "1-0"]
[WhiteElo "2631"]
[BlackElo "2101"]
[PlyCount "63"]
[EventDate "2011.09.03"]
[EventType "swiss"]
[EventRounds "6"]
[EventCountry "CAN"]

1. c4 Nf6 2. Nc3 g6 3. d4 Bg7 4. g3 c6 5. e4 d5 6. e5 Ne4 7. Nxe4 dxe4 8. Bg2
c5 9. Bxe4 cxd4 10. f4 Nc6 11. Nf3 O-O 12. O-O Bg4 13. Qd3 Qb6 14. Bd2 a5 15.
b3 Rad8 16. a3 f6 17. exf6 exf6 18. Rab1 Rfe8 19. Rfe1 Rxe4 20. Rxe4 Bf5 21. b4
axb4 22. axb4 Qc7 23. Rbe1 Bxe4 24. Qxe4 Qf7 25. b5 Na7 26. Qe7 Qxe7 27. Rxe7
Nc8 28. Rxb7 Nd6 29. Rc7 Ne4 30. b6 Bf8 31. b7 Rb8 32. Bb4 1-0

[Event "Quebec op inv."]
[Site "Montreal CAN"]
[Date "2011.07.24"]
[Round "3"]
[White "Martchenko, Alexander"]
[Black "Noritsyn, Nikolay"]
[Result "0-1"]
[WhiteElo "2227"]
[BlackElo "2425"]
[PlyCount "56"]
[EventDate "2011.07.23"]
[EventType "swiss"]
[EventRounds "9"]
[EventCountry "CAN"]

1. e4 c5 2. Nf3 e6 3. d4 cxd4 4. Nxd4 a6 5. Bd3 Ne7 6. Be3 Nbc6 7. c3 e5 8. Ne2
d5 9. O-O f5 10. exf5 Nxf5 11. Ng3 Nxe3 12. fxe3 e4 13. Bc2 Be6 14. Nd2 Qb6 15.
Bb3 O-O-O 16. Ndxe4 Qxe3+ 17. Kh1 Qh6 18. Qd2 Qxd2 19. Nxd2 Bc5 20. Nf3 Rhe8
21. Rad1 g6 22. Ng5 Bg8 23. Nf7 Rd7 24. Bxd5 Nd8 25. Nxd8 Rxd5 26. Rxd5 Bxd5
27. c4 Bxc4 28. Rc1 Kxd8 0-1

[Event "Quebec op inv."]
[Site "Montreal CAN"]
[Date "2011.07.25"]
[Round "4"]
[White "Noritsyn, Nikolay"]
[Black "Cornette, Matthieu"]
[Result "1/2-1/2"]
[WhiteElo "2425"]
[BlackElo "2568"]
[PlyCount "28"]
[EventDate "2011.07.23"]
[EventType "swiss"]
[EventRounds "9"]
[EventCountry "CAN"]

1. Nf3 Nf6 2. c4 g6 3. Nc3 Bg7 4. d4 d5 5. e3 O-O 6. Qb3 e6 7. Bd2 b6 8. cxd5
exd5 9. Be2 Bb7 10. Ne5 Nbd7 11. f4 c5 12. O-O Ne4 13. Nxe4 dxe4 14. Rad1 Nxe5
1/2-1/2

[Event "Quebec op inv."]
[Site "Montreal CAN"]
[Date "2011.07.26"]
[Round "5"]
[White "Rozentalis, Eduardas"]
[Black "Noritsyn, Nikolay"]
[Result "0-1"]
[WhiteElo "2571"]
[BlackElo "2425"]
[PlyCount "56"]
[EventDate "2011.07.23"]
[EventType "swiss"]
[EventRounds "9"]
[EventCountry "CAN"]

1. e4 e5 2. Nf3 Nc6 3. Nc3 Nf6 4. g3 Bc5 5. Bg2 d6 6. d3 a6 7. O-O Be6 8. Ne2
Qd7 9. c3 Bh3 10. Bg5 Bxg2 11. Kxg2 Ng4 12. d4 Bb6 13. h3 h6 14. Bh4 g5 15.
hxg4 Qxg4 16. d5 Ne7 17. Qa4+ Kf8 18. Rh1 Kg7 19. Nxg5 Qxe2 20. Ne6+ fxe6 21.
Bxe7 Raf8 22. Bxf8+ Rxf8 23. Raf1 Qf3+ 24. Kh3 Bxf2 25. Rhg1 b5 26. Qxa6 Qh5+
27. Kg2 Qe2 28. Kh3 Bxg1 0-1

[Event "Quebec op inv."]
[Site "Montreal CAN"]
[Date "2011.07.27"]
[Round "6"]
[White "Noritsyn, Nikolay"]
[Black "Sambuev, Bator"]
[Result "1-0"]
[WhiteElo "2425"]
[BlackElo "2528"]
[PlyCount "115"]
[EventDate "2011.07.23"]
[EventType "swiss"]
[EventRounds "9"]
[EventCountry "CAN"]

1. e4 e6 2. d4 d5 3. Nc3 Bb4 4. e5 c5 5. a3 Ba5 6. b4 cxd4 7. Nb5 Bc7 8. f4 Ne7
9. Nf3 Bd7 10. Nxc7+ Qxc7 11. Bd3 a6 12. O-O Bb5 13. Nxd4 Bxd3 14. cxd3 Nbc6
15. Be3 Nxd4 16. Bxd4 Rc8 17. Bc5 b6 18. Bd6 Qd7 19. Bxe7 Kxe7 20. f5 exf5 21.
Qh5 Qe6 22. Rxf5 h6 23. Raf1 Rhf8 24. Qg4 g6 25. Qh4+ Kd7 26. Rf6 Qxe5 27. Qxh6
Rce8 28. Qg7 g5 29. h3 Re6 30. Rxf7+ Rxf7 31. Qxf7+ Re7 32. Qf5+ Kc6 33. Qc8+
Kb5 34. a4+ Kxb4 35. Qxa6 Qd4+ 36. Kh1 Re2 37. a5 bxa5 38. Rb1+ Rb2 39. Ra1 Qc5
40. d4 Qxd4 41. Qxa5+ Kb3 42. Qb5+ Kc2 43. Qf1 Qe4 44. Qd1+ Kc3 45. Ra3+ Kc4
46. Qa4+ Kc5 47. Rc3+ Kd6 48. Qc6+ Ke5 49. Qe8+ Kd4 50. Qh8+ Qe5 51. Rd3+ Kxd3
52. Qxe5 d4 53. Qxg5 Rc2 54. Kg1 Kc3 55. Qc5+ Kd3 56. Qe5 Kc4 57. Kf1 d3 58.
Ke1 1-0

[Event "Quebec op inv."]
[Site "Montreal CAN"]
[Date "2011.07.28"]
[Round "7"]
[White "Arencibia, Walter"]
[Black "Noritsyn, Nikolay"]
[Result "1/2-1/2"]
[WhiteElo "2476"]
[BlackElo "2425"]
[PlyCount "94"]
[EventDate "2011.07.23"]
[EventType "swiss"]
[EventRounds "9"]
[EventCountry "CAN"]

1. d4 c5 2. d5 e6 3. Nc3 d6 4. e4 a6 5. Nf3 exd5 6. Nxd5 Nc6 7. Bg5 Be7 8. Nxe7
Ngxe7 9. Be2 Bg4 10. O-O O-O 11. c3 Qd7 12. Qd2 Rad8 13. Rad1 Qe6 14. b3 h6 15.
Bxe7 Qxe7 16. Qf4 Be6 17. Rfe1 Rd7 18. Nd2 b5 19. Qg3 Qg5 20. f4 Qxg3 21. hxg3
f6 22. Nf1 Rfd8 23. Ne3 Ne7 24. Kf2 Kf8 25. c4 Rb8 26. Rd2 Nc6 27. cxb5 axb5
28. Bf1 Nd4 29. Nc2 Nc6 30. Na3 Na7 31. Rc1 b4 32. Nc2 Nb5 33. Bxb5 Rxb5 34.
Ne3 Ke7 35. Kf3 Ra5 36. g4 Kd8 37. Rcd1 Ra6 38. Nf5 Kc7 39. Kg3 Rb6 40. Rc1 Kd8
41. Nh4 Rc6 42. Nf3 Ke7 43. Rdc2 Ra6 44. e5 fxe5 45. fxe5 Rb6 46. exd6+ Rbxd6
47. Re1 Ra7 1/2-1/2

[Event "Quebec op inv."]
[Site "Montreal CAN"]
[Date "2011.07.29"]
[Round "8"]
[White "Noritsyn, Nikolay"]
[Black "Bojkov, Dejan"]
[Result "1-0"]
[WhiteElo "2425"]
[BlackElo "2544"]
[PlyCount "55"]
[EventDate "2011.07.23"]
[EventType "swiss"]
[EventRounds "9"]
[EventCountry "CAN"]

1. e4 e5 2. Nf3 Nc6 3. Nc3 Nf6 4. d4 exd4 5. Nxd4 Bb4 6. Nxc6 bxc6 7. Bd3 d5 8.
exd5 cxd5 9. O-O O-O 10. Bg5 c6 11. Qf3 Be7 12. h3 Be6 13. Ne2 c5 14. c3 h6 15.
Bf4 Re8 16. Rfe1 Qd7 17. Be5 Qb7 18. c4 Nd7 19. Bc3 Rab8 20. cxd5 Bxd5 21. Qf5
g6 22. Qg4 h5 23. Qg3 Be4 24. Bxe4 Qxe4 25. Rad1 Nf6 26. Nf4 Qf5 27. Rxe7 Rxe7
28. Nd5 1-0

[Event "Quebec op inv."]
[Site "Montreal CAN"]
[Date "2011.07.30"]
[Round "9"]
[White "Noritsyn, Nikolay"]
[Black "Kleinman, Michael"]
[Result "1/2-1/2"]
[WhiteElo "2425"]
[BlackElo "2221"]
[PlyCount "44"]
[EventDate "2011.07.23"]
[EventType "swiss"]
[EventRounds "9"]
[EventCountry "CAN"]

1. c4 c5 2. Nc3 Nc6 3. Nf3 Nf6 4. d4 cxd4 5. Nxd4 e6 6. a3 Nxd4 7. Qxd4 b6 8.
Bg5 Bb7 9. Rd1 Bc5 10. Qh4 h6 11. e4 Rg8 12. Bxf6 Qxf6 13. Qg3 Bc6 14. Be2 Bd4
15. O-O Qe5 16. Qh3 Bxc3 17. bxc3 Qxe4 18. Rfe1 Qf4 19. Rd4 Qg5 20. Bf3 Qc5 21.
Bxc6 Qxc6 22. Qh4 Rd8 1/2-1/2

[Event "CAN-op (Pinnacle 48th CAN Op Ch)"]
[Site "Toronto CAN"]
[Date "2011.07.11"]
[Round "3"]
[White "Thavandiran, Shiyam"]
[Black "Noritsyn, Nikolay"]
[Result "1/2-1/2"]
[WhiteElo "2447"]
[BlackElo "2597"]
[PlyCount "63"]
[EventDate "2011.07.09"]
[EventType "swiss"]
[EventRounds "9"]
[EventCountry "CAN"]

1. e4 c5 2. b3 Nc6 3. Bb2 e6 4. Bb5 Nd4 5. Bd3 d5 6. Nf3 dxe4 7. Bxe4 Nf6 8. d3
Be7 9. Nxd4 cxd4 10. Bf3 O-O 11. O-O Rb8 12. Qe2 Bd6 13. Nd2 e5 14. c3 Re8 15.
Ne4 dxc3 16. Nxf6+ Qxf6 17. Bxc3 Qh6 18. Qe3 Qxe3 19. fxe3 Be6 20. Bb2 b6 21.
Rac1 Rec8 22. Kf2 f6 23. Ke2 Kf7 24. h3 Ke7 25. Be4 g6 26. d4 exd4 27. exd4 f5
28. Bc6 Bd7 29. Bd5 Be6 30. Bc6 Bd7 31. Bd5 Be6 32. Bc6 1/2-1/2

[Event "CAN-op (Pinnacle 48th CAN Op Ch)"]
[Site "Toronto CAN"]
[Date "2011.07.12"]
[Round "4"]
[White "Noritsyn, Nikolay"]
[Black "Rodriguez, Luis"]
[Result "1/2-1/2"]
[WhiteElo "2597"]
[BlackElo "2467"]
[PlyCount "24"]
[EventDate "2011.07.09"]
[EventType "swiss"]
[EventRounds "9"]
[EventCountry "CAN"]

1. b3 e5 2. Bb2 Nc6 3. e3 d5 4. Bb5 f6 5. d4 exd4 6. Qxd4 Bd6 7. Nf3 Nge7 8.
Nc3 a6 9. Bxc6+ bxc6 10. Rg1 c5 11. Qd2 Bb7 12. Na4 O-O 1/2-1/2

[Event "CAN-op (Pinnacle 48th CAN Op Ch)"]
[Site "Toronto CAN"]
[Date "2011.07.13"]
[Round "5"]
[White "Strugach, Leonid"]
[Black "Noritsyn, Nikolay"]
[Result "0-1"]
[WhiteElo "2324"]
[BlackElo "2597"]
[PlyCount "154"]
[EventDate "2011.07.09"]
[EventType "swiss"]
[EventRounds "9"]
[EventCountry "CAN"]

1. d4 b6 2. e4 Bb7 3. Nc3 e6 4. Nf3 Bb4 5. Bd3 Nf6 6. Bg5 h6 7. Bxf6 Qxf6 8. a3
Bxc3+ 9. bxc3 d6 10. Qe2 Nd7 11. O-O O-O 12. Ba6 Bxa6 13. Qxa6 Rfc8 14. a4 Qf4
15. Rfe1 Nf6 16. Qd3 a5 17. h3 Nd7 18. e5 dxe5 19. Nxe5 Nxe5 20. Rxe5 Rd8 21.
g3 Qf6 22. Qe3 Rac8 23. Rb1 Rd6 24. Kg2 Qd8 25. h4 Qd7 26. Reb5 Rc6 27. Qd3 Rd8
28. Rd1 Rd6 29. Kh2 c5 30. Rdb1 Qa7 31. Qf3 cxd4 32. cxd4 Rc8 33. c3 Rc4 34.
Kg2 Rxa4 35. d5 Rc4 36. dxe6 Rxe6 37. Qd5 Rc8 38. Kg1 Qc7 39. Qb3 Ra8 40. Rxb6
Rxb6 41. Qxb6 Qxc3 42. Qb7 Qc8 43. Qxc8+ Rxc8 44. Ra1 Ra8 45. Kf1 a4 46. Ra3 h5
47. Ke2 g6 48. Ke3 Kg7 49. Kf4 Ra5 50. Ke4 Kf6 51. Kf4 Ke6 52. Ke4 Kd6 53. Kd4
Ra8 54. Kc4 Ke5 55. Re3+ Kf5 56. Ra3 Kg4 57. Kd4 Kh3 58. Ke5 Ra6 59. Kf4 Ra5
60. Kf3 Kh2 61. g4 hxg4+ 62. Kxg4 Kg2 63. f4 Kf2 64. f5 Ke2 65. h5 gxh5+ 66.
Kg5 Kd2 67. Kf6 Ra7 68. Kg5 Ra5 69. Kf6 Ra7 70. Kg5 Kc2 71. Kxh5 Kb2 72. Rf3 a3
73. Rf2+ Kb3 74. Rf3+ Kb4 75. Rf4+ Kb5 76. Rf1 a2 77. Ra1 Kb4 0-1

[Event "CAN-op (Pinnacle 48th CAN Op Ch)"]
[Site "Toronto CAN"]
[Date "2011.07.14"]
[Round "6"]
[White "Noritsyn, Nikolay"]
[Black "Krnan, Tomas"]
[Result "0-1"]
[WhiteElo "2597"]
[BlackElo "2470"]
[PlyCount "78"]
[EventDate "2011.07.09"]
[EventType "swiss"]
[EventRounds "9"]
[EventCountry "CAN"]

1. b3 e5 2. Bb2 Nc6 3. e3 Nge7 4. Nf3 Ng6 5. h4 h5 6. d4 e4 7. Nfd2 d5 8. c4
Bg4 9. Qc1 Nxh4 10. cxd5 Nb4 11. Nxe4 Be7 12. f3 Nxf3+ 13. gxf3 Bxf3 14. Nf2
Bxh1 15. Nxh1 Bh4+ 16. Nf2 Qxd5 17. Qd2 Qf5 18. Na3 Rh6 19. Bc4 Rg6 20. e4 Rg1+
21. Bf1 Qf3 22. Qe2 Bxf2+ 23. Kd2 Qf4+ 24. Kc3 Nc6 25. Nb5 Rd8 26. Rd1 a6 27.
Bc1 Nxd4 28. Qxh5 Qg3+ 29. Kb2 axb5 30. Bxb5+ c6 31. Bc4 Qg6 32. Qe5+ Kf8 33.
Rxg1 Bxg1 34. Bg5 Re8 35. Qg3 Ne6 36. Qd6+ Kg8 37. Qd7 Rf8 38. Be7 Bd4+ 39. Ka3
Bc5+ 0-1

[Event "CAN-op (Pinnacle 48th CAN Op Ch)"]
[Site "Toronto CAN"]
[Date "2011.07.15"]
[Round "7"]
[White "Hambleton, Aman"]
[Black "Noritsyn, Nikolay"]
[Result "0-1"]
[WhiteElo "2349"]
[BlackElo "2597"]
[PlyCount "211"]
[EventDate "2011.07.09"]
[EventType "swiss"]
[EventRounds "9"]
[EventCountry "CAN"]

1. d4 g6 2. c4 Bg7 3. e4 c5 4. d5 d6 5. Nc3 Nf6 6. h3 O-O 7. Nf3 Na6 8. Bd3 Nc7
9. Bg5 h6 10. Be3 e6 11. Qd2 exd5 12. exd5 Kh7 13. O-O b5 14. cxb5 Nfxd5 15.
Nxd5 Nxd5 16. Bxg6+ fxg6 17. Qxd5 Rb8 18. Rad1 Rxb5 19. b3 Rf6 20. Bg5 hxg5 21.
Nxg5+ Kh8 22. Nf7+ Rxf7 23. Qxf7 Kh7 24. Rfe1 Rb7 25. Re8 Rxf7 26. Rxd8 Rc7 27.
R8xd6 a5 28. Rc1 Bb7 29. h4 Rf7 30. h5 g5 31. Rg6 Bd4 32. Rxg5 Rxf2 33. Kh2 Be3
34. Rcxc5 Bxg5 35. Rxg5 Rxa2 36. Kh3 Kh6 37. Rb5 Bxg2+ 38. Kg4 Be4 39. Rb6+ Kg7
40. Kf4 Bd5 41. Ke5 Bg8 42. Kd4 Kh7 43. Kc3 Bd5 44. Rb5 Bg2 45. b4 a4 46. Ra5
Ra3+ 47. Kd2 Kh6 48. b5 Ra1 49. b6 a3 50. Kc3 Bb7 51. Kb3 a2 52. Kb2 Rb1+ 53.
Kxa2 Rxb6 54. Ka3 Bc6 55. Rf5 Be8 56. Rf4 Kxh5 57. Rb4 Rc6 58. Re4 Bg6 59. Re5+
Kg4 60. Kb4 Kf4 61. Rc5 Rd6 62. Rc7 Be4 63. Kc5 Rd1 64. Rc8 Rc1+ 65. Kd4 Rd1+
66. Kc5 Ke3 67. Rc7 Rd5+ 68. Kc4 Re5 69. Rc5 Bd3+ 70. Kb4 Re8 71. Rc7 Be4 72.
Kc4 Rd8 73. Kc3 Rd1 74. Rc5 Rh1 75. Kc4 Rd1 76. Kc3 Bg6 77. Re5+ Kf4 78. Rc5
Bf7 79. Kc2 Rd7 80. Kc3 Ke4 81. Kc2 Kd4 82. Rg5 Bd5 83. Rg3 Rc7+ 84. Kd2 Be4
85. Ra3 Rc2+ 86. Ke1 Bd3 87. Ra7 Ke3 88. Re7+ Be4 89. Kd1 Rb2 90. Rc7 Bd3 91.
Re7+ Kd4 92. Rd7+ Kc3 93. Ke1 Re2+ 94. Kd1 Rf2 95. Re7 Rf4 96. Rc7+ Bc4 97. Re7
Rf2 98. Re3+ Kd4 99. Re7 Bd3 100. Rd7+ Ke3 101. Kc1 Rc2+ 102. Kd1 Rc6 103. Re7+
Be4 104. Re8 Rh6 105. Kc1 Rb6 106. Rc8 0-1

[Event "CAN-op (Pinnacle 48th CAN Op Ch)"]
[Site "Toronto CAN"]
[Date "2011.07.17"]
[Round "9"]
[White "Yoos, John"]
[Black "Noritsyn, Nikolay"]
[Result "0-1"]
[WhiteElo "2439"]
[BlackElo "2597"]
[PlyCount "188"]
[EventDate "2011.07.09"]
[EventType "swiss"]
[EventRounds "9"]
[EventCountry "CAN"]

1. e4 c5 2. Nf3 e6 3. d4 cxd4 4. Nxd4 Ne7 5. Bd3 a6 6. f4 Nbc6 7. Nb3 Ng6 8.
Qf3 b5 9. a4 Rb8 10. axb5 axb5 11. Be3 Be7 12. O-O d6 13. Qh5 e5 14. f5 Nf4 15.
Qg4 Bf6 16. Nc3 b4 17. Ne2 O-O 18. Nxf4 exf4 19. Bxf4 Bxb2 20. Rae1 Bf6 21. Kh1
Ne5 22. Qh5 g6 23. Qh3 Kh8 24. Nd4 Bd7 25. Nf3 Qe7 26. Qg3 Rg8 27. fxg6 Rxg6
28. Qf2 b3 29. Bxe5 dxe5 30. cxb3 Rxb3 31. Bc4 Rb8 32. Qa2 Rf8 33. Qa7 Qe8 34.
Rf2 Bd8 35. Qc5 Bb6 36. Qxe5+ Qxe5 37. Nxe5 Bxf2 38. Rf1 Rd6 39. Nxf7+ Rxf7 40.
Bxf7 Rd2 41. Bh5 Ba4 42. Bf3 Bd4 43. Rc1 Bc2 44. Re1 Be5 45. Rc1 Kg7 46. Re1
Kg6 47. g3 Bd4 48. e5 Kf7 49. h4 Ke7 50. Re2 Rd1+ 51. Kh2 Bd3 52. Ra2 Re1 53.
Ra3 Re3 54. Ra4 Rxf3 55. Rxd4 Rf2+ 56. Kg1 Rd2 57. Rd6 Rd1+ 58. Kf2 Bc2 59. Rc6
Rd2+ 60. Ke3 Rg2 61. Kf4 h5 62. Kf3 Rd2 63. Ke3 Rh2 64. Rd6 Bf5 65. Ra6 Bg4 66.
Ke4 Re2+ 67. Kd5 Bf3+ 68. Kd4 Re4+ 69. Kc3 Rxe5 70. Rh6 Bg4 71. Kd4 Re1 72. Ra6
Rg1 73. Ra3 Re1 74. Ra6 Re6 75. Ra8 Kf6 76. Ra3 Bf5 77. Kd5 Re1 78. Ra6+ Be6+
79. Kd4 Rb1 80. Ke4 Rb3 81. Kf4 Ke7 82. Ra7+ Kd8 83. Ra1 Bg4 84. Rg1 Ke7 85.
Kg5 Ke6 86. Re1+ Kd5 87. Kh6 Rxg3 88. Re8 Rf3 89. Re1 Rf5 90. Kg6 Re5 91. Ra1
Ke4 92. Ra3 Kf4 93. Rb3 Re6+ 94. Kg7 Re3 0-1

[Event "Ontario op"]
[Site "Hamilton CAN"]
[Date "2011.05.22"]
[Round "4"]
[White "Noritsyn, Nikolay"]
[Black "Gerzhoy, Leonid"]
[Result "1/2-1/2"]
[WhiteElo "2580"]
[BlackElo "2626"]
[PlyCount "60"]
[EventDate "2011.05.21"]
[EventType "swiss"]
[EventRounds "6"]
[EventCountry "CAN"]

1. c4 Nf6 2. Nc3 e6 3. d4 Bb4 4. Nf3 c5 5. g3 O-O 6. Bg2 cxd4 7. Nxd4 d5 8.
cxd5 Nxd5 9. Bd2 Bxc3 10. bxc3 Nb6 11. O-O e5 12. Nb3 Nc6 13. Be3 Nc4 14. Qd3
Nxe3 15. Qxe3 Qc7 16. Rfd1 b6 17. c4 Ba6 18. c5 Rac8 19. Rac1 Nd4 20. Nxd4 exd4
21. Rxd4 bxc5 22. Re4 Qd6 23. Re7 c4 24. Rxa7 c3 25. Bh3 Rce8 26. Qxc3 Rxe2 27.
Bf1 Rxa2 28. Qe3 Bxf1 29. Rxa2 Qd5 30. Rxf1 Qxa2 1/2-1/2

[Event "CAN-ch"]
[Site "Guelph CAN"]
[Date "2011.05.10"]
[Round "8"]
[White "Noritsyn, Nikolay"]
[Black "Sambuev, Bator"]
[Result "0-1"]
[WhiteElo "2584"]
[BlackElo "2750"]
[PlyCount "174"]
[EventDate "2011.05.06"]
[EventType "swiss"]
[EventRounds "9"]
[EventCountry "CAN"]

1. e4 e6 2. d4 d5 3. e5 c5 4. c3 Nc6 5. Nf3 Qb6 6. a3 Nh6 7. b4 cxd4 8. Bxh6
gxh6 9. cxd4 Bd7 10. Nc3 Nxb4 11. Be2 Rc8 12. Rc1 Nc6 13. O-O a6 14. Nb1 Bg7
15. Nc3 Na5 16. Rb1 Qc6 17. Rc1 O-O 18. Bd3 Qb6 19. Rb1 Qd8 20. Ne2 f6 21. exf6
Rxf6 22. Ng3 Be8 23. Re1 b5 24. a4 Qb6 25. axb5 axb5 26. Ne5 Nc4 27. Nf3 Bg6
28. Rb3 Rcf8 29. Qe2 Qa5 30. Reb1 Nd6 31. h3 Qa7 32. R1b2 Kh8 33. Ra2 Qb6 34.
Rab2 Rxf3 35. gxf3 Bxd3 36. Rxd3 Nc4 37. Rb1 Bxd4 38. Kg2 Ne5 39. Rdb3 Ng6 40.
Qxb5 Qd8 41. Ne2 Be5 42. Kf1 Qg5 43. f4 Nxf4 44. Rg3 Qf5 45. Rf3 Qe4 46. Rbb3
Rc8 47. Rbe3 Qf5 48. Rxe5 Qxe5 49. Rxf4 Rg8 50. Qa4 Qh5 51. Qa3 e5 52. Qf3 Qg6
53. Rf5 Qa6 54. Qe3 Re8 55. Kg2 d4 56. Qf3 Qg6+ 57. Ng3 e4 58. Rf8+ Kg7 59. Qf5
Rxf8 60. Qd7+ Kg8 61. Qxd4 Re8 62. h4 Qg4 63. Kg1 Qe6 64. Qe3 Qf6 65. h5 Qf3
66. Kh2 Qxe3 67. fxe3 Kf7 68. Kh3 Kf6 69. Kg4 Ke5 70. Ne2 Rg8+ 71. Kh3 Rg5 72.
Ng3 Kd5 73. Kh4 Rg8 74. Kh3 Rf8 75. Kg4 Ke5 76. Ne2 Rf3 77. Nd4 Rxe3 78. Nc6+
Kd5 79. Ne7+ Kc4 80. Nf5 Rf3 81. Nxh6 Rf8 82. Nf5 Rxf5 83. Kxf5 e3 84. Kg5 e2
85. Kh6 e1=Q 86. Kxh7 Qe4+ 87. Kg7 Qg4+ 0-1